| Record ID | ia:endingcycleofvio00pele |
| Source | Internet Archive |
| Download MARC XML | https://archive.org/download/endingcycleofvio00pele/endingcycleofvio00pele_marc.xml |
| Download MARC binary | https://www.archive.org/download/endingcycleofvio00pele/endingcycleofvio00pele_meta.mrc |
LEADER: 01293pam 2200301 a 4500
001 94027938
003 DLC
005 19941017103812.9
008 940630s1995 caua b 001 0 eng
010 $a 94027938
020 $a0803953682
020 $a0803953690 (pbk.)
040 $aDLC$cDLC$dDLC
050 00 $aRJ507.F35$bE53 1995
082 00 $a362.82/92$220
245 00 $aEnding the cycle of violence :$bcommunity responses to children of battered women /$cEinat Peled, Peter G. Jaffe, Jeffrey L. Edleson, editors.
260 $aThousand Oaks, Calif. :$bSage Publications,$cc1995.
300 $ax, 306 p. :$bill. ;$c24 cm.
500 $aPapers presented at the National Conference on Intervention With Children of Battered Women held in Minneapolis in July 1992, organized by the Domestic Abuse Project.
504 $aIncludes bibliographical references and indexes.
650 0 $aChildren of abused wives$xMental health services.
650 0 $aChildren of abused wives$xServices for.
650 0 $aFamily violence$xPrevention.
700 10 $aPeled, Einat.
700 10 $aJaffe, Peter G.
700 10 $aEdleson, Jeffrey L.
710 20 $aDomestic Abuse Project (Minneapolis, Minn.)
711 20 $aNational Conference on Intervention With Children of Battered Women$d(1992 :$cMinneapolis, Minn.)